Equipe de France/Brésil - Coupe du Monde 1998 - Statistiques

Statistiques générales
  • Ce quiz a été pris 85 fois
  • Le résultat moyen est 24 sur 46
Statistiques - réponses
Poste Nationalité Club du moment Nom du joueur % Correct
M 10 Français Juventus Zinédine ZIDANE
91%
RONALDO
90%
G 16 Français AS Monaco Fabien BARTHEZ
89%
D 3 Français Bayern Munich Bixente LIZARAZU
88%
D 5 Français OM Laurent BLANC
88%
ATT 12 Français AS Monaco Thierry HENRY
87%
M 7 Français Juventus Didier DESCHAMPS
84%
M 17 Français Arsenal Emmanuel PETIT
84%
ATT 20 Français AS Monaco David TREZEGUET
83%
D 15 Français Parme FC Lilian THURAM
82%
M 4 Français Arsenal Patrick VIEIRA
82%
D 8 Français AC Milan Marcel DESAILLY
80%
Coach // Français France Aimé JACQUET
78%
RIVALDO
74%
Roberto CARLOS
73%
M 11 Français FC Metz Robert PIRES
72%
G 1 Français West Ham Bernard LAMA
71%
CAFU
71%
M 6 Français Inter Milan Youri DJORKAEFF
71%
ATT 9 Français AJ Auxerre Stéphane GUIVARC'H
68%
D 18 Français Chelsea Frank LEBOEUF
66%
ATT 21 Français OM Christophe DUGARRY
63%
M 19 Français Réal Madrid Christian KAREMBEU
62%
DIDA
61%
Zé CARLOS
59%
M 14 Français Sampdoria Alain BOGHOSSIAN
51%
G 22 Français AJ Auxerre Lionel CHARBONNIER
50%
D 2 Français AS Rome Vincent CANDELA
46%
M 13 Français AJ Auxerre Bernard DIOMEDE
44%
Zé ROBERTO
44%
Claudio TAFFAREL
41%
BEBETO
38%
DUNGA
30%
Mario ZAGALLO
21%
LEONARDO
17%
César SAMPAIO
16%
DENILSON
16%
ALDAIR
13%
Junior BAIANO
10%
EDMUNDO
9%
GIOVANNI
5%
André CRUZ
4%
Carlos GERMANO
4%
EMERSON
4%
GONÇALVES
4%
DORIVA
2%
Aucun quiz correspondant
Distribution des résultats
% des personnes avec chaque résultat
Percentile par nombre de réponses
Votre historique - résultats
Vous n’avez pas pris ce quiz